| 000 | 00586nam a22002177a 4500 | ||
|---|---|---|---|
| 003 | OSt | ||
| 005 | 20140310184455.0 | ||
| 008 | 131011t xxu||||| |||| 00| 0 eng d | ||
| 020 | _a0439576652 | ||
| 050 |
_aPN 451 _b.W715Da 2003 |
||
| 100 |
_aWilli, Denise. _928308 |
||
| 245 |
_aDare to care: _bThe remarkable story of Dr. Pedro Jose Greer Jr./ _cDenise Willi. |
||
| 260 |
_aUSA: _bScholastic Inc., _cc2003. |
||
| 300 |
_a47 p. : _bill. col. ; _c19 cm. |
||
| 521 | _aG4 | ||
| 526 | _c680 | ||
| 942 |
_2lcc _cBK-SCHOLAS |
||
| 999 |
_c34647 _d34647 |
||